Carregant...

Creative learning and teaching

Dades bibliogràfiques
Autor principal: Torrance, E Paul
Format: Printed Book
Idioma:English
Matèries:
LEADER 00342nam a2200109Ia 4500
008 101008s9999 xx 000 0 eng d
100 |a Torrance, E Paul 
245 |a Creative learning and teaching 
650 |a Learning 
942 |c BK 
999 |c 181581  |d 181581 
952 |0 0  |1 0  |4 0  |7 0  |9 200873  |a EDU  |b EDU  |c ST1  |d 2010-10-20  |i 3095  |l 0  |p EDU3095  |r 2018-08-29  |w 2018-08-29  |y BK